Superhero Alter Egos #2 - Statistics

General Stats
  • This quiz has been taken 121 times
  • The average score is 13 of 22
Answer Stats
Alter-Ego Superhero % Correct
T'Challa Black Panther
98%
Natasha Romanoff Black Widow
96%
Scott Lang Ant-Man
88%
Carol Danvers Ms. Marvel / Captain Marvel
88%
Peter Quill Starlord
87%
Ben Grimm Thing
81%
Eddie Brock Venom
79%
James Rhodes War Machine
75%
Oliver Queen Green Arrow
66%
Hank McCoy Beast
62%
Kurt Wagner Nightcrawler
62%
Johnny Blaze Ghost Rider
61%
Arthur Curry Aquaman
55%
J'onn J'onzz Martian Manhunter
54%
Danny Rand Iron Fist
52%
Remy LeBeau Gambit
46%
Dinah Lance Black Canary
38%
Walter Kovacs Rorschach
25%
Al Simmons Spawn
18%
Doreen Green Squirrel Girl
18%
Britt Reid Green Hornet
16%
Denny Colt The Spirit
11%
No matching quizzes found
Score Distribution
Percent of People with Each Score
Percentile by Number Answered
Your Score History
You have not taken this quiz